| 000 | 00353 a2200157 4500 | ||
|---|---|---|---|
| 001 | 48345 | ||
| 020 | _a9788583490104 | ||
| 040 | _cAnchieta - Bela Vista | ||
| 100 | _aPonce, Marco Antonio | ||
| 240 | 1 | 0 |
_aVarinha de imaginar _lpor |
| 245 | 1 | 0 | _aVarinha de imaginar |
| 300 | _a36 p. | ||
| 362 | 0 | _a2016 | |
| 650 | 4 | _aLiteratura infantil | |
| 942 | _cBK | ||
| 999 |
_c48345 _d48345 |
||